| 000 | 00811nam a22002777a 4500 | ||
|---|---|---|---|
| 001 | 0111 | ||
| 003 | DO-SdBNP | ||
| 005 | 20180205130859.0 | ||
| 007 | 0111 | ||
| 008 | 151005b1993 sp 00| 0 spa d | ||
| 020 | _a8448020030 | ||
| 040 |
_aBPMSU _bspa _cBPMSU |
||
| 100 | 1 | _aPackard, Edward | |
| 240 | 1 | 4 |
_aThe comet masters / _leng |
| 245 | 1 | 4 |
_aLos señores de los cometas / _cEdward Packard ; ilustraciones Dave Cockrum ; traducción Elena Moreno gutiérrez |
| 260 |
_aBarcelona : _bTimun mas, _c1993. |
||
| 300 |
_a113 p. : _bil. ; _c18 cm. |
||
| 490 | 1 |
_aHalcones del espacio _v4 |
|
| 700 | 1 | 2 |
_aMoreno Gutiérrez, Elena _etrad. |
| 700 | 1 | 2 |
_aCockrum, Dave, _eil. |
| 830 | 0 |
_aHalcones del espacio _n4 |
|
| 910 | _a202 | ||
| 942 |
_2ddc _cBK |
||
| 945 | _aInventariado, 2018 /LP | ||
| 956 |
_aYngrid Lockward _b10 |
||
| 999 |
_c8619 _d8619 |
||